[Event "Quebec op U2000"]
[Site "Longueuil CAN"]
[Date "2018.07.27"]
[Round "8.34"]
[White "Leger, Manon"]
[Black "Guipi Bopala, Prince Eric jr"]
[Result "1/2-1/2"]
[WhiteElo "1752"]
[BlackElo "1796"]
[PlyCount "99"]
[EventDate "2018.07.21"]
[EventType "swiss"]
[EventRounds "9"]
[EventCountry "CAN"]

1. e4 e5 2. Nf3 Nc6 3. Bb5 a6 4. Ba4 Nf6 5. O-O Be7 6. Re1 b5 7. Bb3 O-O 8. h3
d6 9. a3 Na5 10. Ba2 c5 11. d3 Nc6 12. Nc3 h6 13. Nh2 Nd4 14. Nd5 Nxd5 15. Bxd5
Rb8 16. c3 Ne6 17. g3 Nc7 18. Qh5 Nxd5 19. exd5 f5 20. f4 Bf6 21. Rb1 Bd7 22.
Nf1 Qe8 23. Qd1 Qf7 24. Ne3 exf4 25. gxf4 Qg6+ 26. Kh2 Rfe8 27. Rg1 Qf7 28. Qf3
a5 29. Bd2 Re7 30. b4 axb4 31. axb4 cxb4 32. Rxb4 Ra8 33. c4 Ra2 34. Rg2 bxc4
35. Nxc4 Ra6 36. Rb8+ Re8 37. Rb7 Re7 38. Bb4 Bc8 39. Rb8 Rc7 40. Nxd6 Qd7 41.
Nc4 Rb7 42. Rxc8+ Qxc8 43. Nd6 Qf8 44. Nxb7 Qxb4 45. d6 Rb6 46. Qd5+ Kh8 47.
Qxf5 Rxb7 48. Qc8+ Kh7 49. Qf5+ Kh8 50. Qc8+ 1/2-1/2

[Event "Quebec op U2000"]
[Site "Longueuil CAN"]
[Date "2018.07.27"]
[Round "8.35"]
[White "Desmarais, Serge"]
[Black "Duplessis, Claude"]
[Result "0-1"]
[WhiteElo "1626"]
[BlackElo "1712"]
[PlyCount "76"]
[EventDate "2018.07.21"]
[EventType "swiss"]
[EventRounds "9"]
[EventCountry "CAN"]

1. d4 f5 2. c4 Nf6 3. Nc3 e6 4. g3 Be7 5. Bg2 O-O 6. Qb3 Nc6 7. d5 Na5 8. Qa4
c6 9. e4 fxe4 10. Nxe4 b5 11. Qd1 bxc4 12. d6 Nxe4 13. dxe7 Qxe7 14. Bxe4 Qb4+
15. Kf1 c3 16. Qc2 Ba6+ 17. Kg2 Qb5 18. Bxh7+ Kh8 19. Nh3 Qh5 20. Be4 d5 21.
Bg6 Qf3+ 22. Kg1 Bf1 23. Kxf1 Qxh1+ 24. Ng1 Rf6 25. bxc3 Nc4 26. Bd3 Ne5 27. f4
Nxd3 28. Qxd3 Qxh2 29. Qf3 e5 30. Qg2 Qh7 31. Ne2 Qd3 32. Ke1 Re8 33. Bd2 exf4
34. gxf4 Rfe6 35. Qh2+ Kg8 36. Be3 Rxe3 37. Kf1 Qxe2+ 38. Kg1 Rg3+ 0-1

[Event "Quebec op U2000"]
[Site "Longueuil CAN"]
[Date "2018.07.27"]
[Round "8.36"]
[White "Selling, Edward"]
[Black "Kay, Sang Kil"]
[Result "1-0"]
[WhiteElo "1845"]
[BlackElo "1687"]
[PlyCount "135"]
[EventDate "2018.07.21"]
[EventType "swiss"]
[EventRounds "9"]
[EventCountry "CAN"]

1. d4 Nf6 2. Nf3 d5 3. Bf4 Bf5 4. e3 Nbd7 5. Nbd2 e6 6. Be2 c5 7. c3 h6 8. h3
Qb6 9. Qc1 Rc8 10. O-O Bd6 11. Bxd6 Qxd6 12. dxc5 Nxc5 13. Nd4 Bh7 14. Bb5+
Nfd7 15. N2f3 a6 16. Be2 O-O 17. Qd1 Kh8 18. Nb3 Ne4 19. Bd3 e5 20. Qc2 Nxc3
21. Bxh7 Ne4 22. Qd3 Kxh7 23. Nfd2 f5 24. Rad1 Nec5 25. Nxc5 Nxc5 26. Qa3 Qe6
27. Nb3 Ne4 28. Nd2 Nf6 29. Nf3 Rf7 30. Qb3 Rfc7 31. Rd2 b5 32. Rfd1 Rc4 33.
Re2 Ne4 34. Qd3 Rc1 35. Ree1 Rxd1 36. Rxd1 Nf6 37. Qd2 Rc4 38. b3 Rc5 39. Qb2
Nd7 40. Qd2 Qc6 41. b4 Rc4 42. Qxd5 Qxd5 43. Rxd5 e4 44. Nh4 Nf6 45. Rd6 Rxb4
46. Rxa6 f4 47. Nf5 Kg6 48. g4 Rb1+ 49. Kg2 f3+ 50. Kg3 Kg5 51. h4+ Kg6 52. Kf4
Rg1 53. Ng3 Kh7 54. Ra7 Rg2 55. g5 hxg5+ 56. hxg5 Ne8 57. Nxe4 Kg6 58. Kxf3 Rh2
59. Kg3 Rh1 60. Re7 Rh8 61. f4 Kf5 62. Kf3 b4 63. Rxe8 Rxe8 64. Nd6+ Ke6 65.
Nxe8 Kd5 66. Nxg7 Kc4 67. Ne6 Kc3 68. Nd4 1-0

[Event "Quebec op U2000"]
[Site "Longueuil CAN"]
[Date "2018.07.27"]
[Round "8.37"]
[White "Weston, Paul"]
[Black "Pommainville, Roland"]
[Result "1-0"]
[WhiteElo "1886"]
[BlackElo "1634"]
[PlyCount "53"]
[EventDate "2018.07.21"]
[EventType "swiss"]
[EventRounds "9"]
[EventCountry "CAN"]

1. e4 d6 2. d4 c5 3. dxc5 Qa5+ 4. Nc3 Qxc5 5. Be3 Qc6 6. Bb5 Bd7 7. Bxc6 Bxc6
8. Qd2 Nf6 9. f3 g6 10. O-O-O Bg7 11. e5 Nfd7 12. exd6 e6 13. Bh6 O-O 14. Bxg7
Kxg7 15. h4 h5 16. g4 Nf6 17. Qd4 Nbd7 18. g5 a5 19. gxf6+ Nxf6 20. Ne4 Bxe4
21. fxe4 Rfd8 22. Nf3 Rac8 23. Ng5 Rd7 24. Rhf1 Rcd8 25. Qxf6+ Kg8 26. Nxe6
fxe6 27. Qxg6+ 1-0

[Event "Quebec op U2000"]
[Site "Longueuil CAN"]
[Date "2018.07.27"]
[Round "8.38"]
[White "Sharpe, Michael"]
[Black "Armstrong, Robert J"]
[Result "1-0"]
[WhiteElo "1653"]
[BlackElo "1512"]
[PlyCount "37"]
[EventDate "2018.07.21"]
[EventType "swiss"]
[EventRounds "9"]
[EventCountry "CAN"]

1. c4 f5 2. g3 Nf6 3. Bg2 e6 4. Nc3 Be7 5. d3 O-O 6. Nf3 Nc6 7. O-O b6 8. Rb1
Bb7 9. e4 fxe4 10. dxe4 e5 11. Qe2 Nd4 12. Qd3 Nxf3+ 13. Bxf3 a6 14. Nd5 c6 15.
Ne3 d6 16. Bg2 Qe8 17. Nf5 Rd8 18. Bg5 Nxe4 19. Nxe7+ 1-0

[Event "Quebec op U2000"]
[Site "Longueuil CAN"]
[Date "2018.07.28"]
[Round "9.26"]
[White "Craciun, David"]
[Black "Marcone, Malcom"]
[Result "1/2-1/2"]
[WhiteElo "1879"]
[BlackElo "1997"]
[PlyCount "22"]
[EventDate "2018.07.21"]
[EventType "swiss"]
[EventRounds "9"]
[EventCountry "CAN"]

1. d4 e6 2. Bf4 Nf6 3. e3 b6 4. Nf3 Bb7 5. Be2 d5 6. O-O Bd6 7. Bg3 O-O 8. Nbd2
Bxg3 9. hxg3 Ne4 10. c3 Nxd2 11. Nxd2 Qd6 1/2-1/2

[Event "Quebec op U2000"]
[Site "Longueuil CAN"]
[Date "2018.07.28"]
[Round "9.27"]
[White "De Lagrave, Sylvain"]
[Black "Beaudry, Marc-Andre"]
[Result "1/2-1/2"]
[WhiteElo "1953"]
[BlackElo "1996"]
[PlyCount "27"]
[EventDate "2018.07.21"]
[EventType "swiss"]
[EventRounds "9"]
[EventCountry "CAN"]

1. e4 d6 2. d4 Nf6 3. Nc3 g6 4. g3 Bg7 5. Bg2 O-O 6. Nge2 e5 7. h3 c6 8. Be3 b5
9. a3 Bb7 10. O-O Nbd7 11. g4 exd4 12. Bxd4 c5 13. Be3 b4 14. axb4 1/2-1/2

[Event "Quebec op U2000"]
[Site "Longueuil CAN"]
[Date "2018.07.28"]
[Round "9.28"]
[White "Hadji Ghanbari, Nader"]
[Black "Steinberg, Ellis"]
[Result "1-0"]
[WhiteElo "1895"]
[BlackElo "1801"]
[PlyCount "63"]
[EventDate "2018.07.21"]
[EventType "swiss"]
[EventRounds "9"]
[EventCountry "CAN"]

1. d4 Nf6 2. c4 g6 3. g3 Bg7 4. Nc3 O-O 5. Bg2 d6 6. Nf3 Nc6 7. O-O e5 8. d5
Na5 9. c5 dxc5 10. Nxe5 Nxd5 11. Nxf7 Nxc3 12. Qxd8 Nxe2+ 13. Kh1 Rxd8 14. Nxd8
Bf6 15. Bd5+ Kh8 16. Nf7+ Kg8 17. Nd6+ Kh8 18. Re1 cxd6 19. Rxe2 Bf5 20. Bd2
Nc6 21. Rae1 Bd7 22. Bc3 Kg7 23. f3 Rf8 24. Re7+ Nxe7 25. Rxe7+ Kh6 26. Rxd7
Bxc3 27. bxc3 Re8 28. Be4 Re5 29. c4 b5 30. h4 bxc4 31. g4 Rxe4 32. g5+ 1-0

[Event "Quebec op U2000"]
[Site "Longueuil CAN"]
[Date "2018.07.28"]
[Round "9.29"]
[White "Richard, Leo"]
[Black "Morin, Louis"]
[Result "1-0"]
[WhiteElo "1915"]
[BlackElo "1899"]
[PlyCount "91"]
[EventDate "2018.07.21"]
[EventType "swiss"]
[EventRounds "9"]
[EventCountry "CAN"]

1. d4 e5 2. dxe5 Nc6 3. Nf3 h6 4. g3 Qe7 5. Bg2 Nxe5 6. Nxe5 Qxe5 7. Nc3 Bb4 8.
Bd2 Nf6 9. O-O O-O 10. a3 Ba5 11. b4 Bb6 12. Na4 d6 13. c4 Re8 14. Bc3 Qxe2 15.
Qxe2 Rxe2 16. c5 Rc2 17. cxb6 axb6 18. Bxf6 Rxa4 19. Rfe1 Bf5 20. Bd8 Ra8 21.
Re8+ Kh7 22. g4 Bg6 23. h4 f5 24. Rf8 fxg4 25. h5 Bxh5 26. Be4+ Bg6 27. Bxc2
Bxc2 28. Be7 Rxf8 29. Bxf8 Be4 30. Be7 d5 31. Bd8 d4 32. Bxc7 b5 33. Bb6 d3 34.
Be3 Kg6 35. Rc1 Kf6 36. Rc5 Bc6 37. Kh2 g5 38. Kg3 Ke6 39. Kxg4 Kd6 40. Kh5 b6
41. Rxc6+ Kxc6 42. Kxh6 Kd5 43. Kxg5 Kc4 44. f4 Kb3 45. f5 Kxa3 46. Bd2 1-0

[Event "Quebec op U2000"]
[Site "Longueuil CAN"]
[Date "2018.07.28"]
[Round "9.30"]
[White "Zhang, Hou Han"]
[Black "Samson, Gaetan"]
[Result "1/2-1/2"]
[WhiteElo "1770"]
[BlackElo "1755"]
[PlyCount "65"]
[EventDate "2018.07.21"]
[EventType "swiss"]
[EventRounds "9"]
[EventCountry "CAN"]

1. Nf3 Nf6 2. g3 g6 3. c4 Bg7 4. d4 O-O 5. Bg2 c6 6. O-O Na6 7. Nc3 d6 8. Bg5
h6 9. Bxf6 Bxf6 10. Qb3 Rb8 11. Rfd1 Nc7 12. e4 Bd7 13. e5 Bg7 14. exd6 exd6
15. Qa3 Be6 16. d5 cxd5 17. cxd5 Bg4 18. Qxa7 b5 19. h3 Bxf3 20. Bxf3 b4 21.
Ne4 f5 22. Nd2 Bxb2 23. Rab1 Be5 24. a4 bxa3 25. Rxb8 Qxb8 26. Qxa3 Qb6 27. Nc4
Qa6 28. Qc1 Bg7 29. Ne5 dxe5 30. Qxc7 e4 31. Bg2 Qe2 32. Rc1 e3 33. Qf4 1/2-1/2

[Event "Quebec op U2000"]
[Site "Longueuil CAN"]
[Date "2018.07.28"]
[Round "9.31"]
[White "Guipi Bopala, Prince Eric jr"]
[Black "Mangahas, Ronald"]
[Result "0-1"]
[WhiteElo "1796"]
[BlackElo "1890"]
[PlyCount "67"]
[EventDate "2018.07.21"]
[EventType "swiss"]
[EventRounds "9"]
[EventCountry "CAN"]

1. d4 Nf6 2. c4 g6 3. Nc3 Bg7 4. e4 d6 5. f3 O-O 6. Be3 a6 7. Nge2 Nbd7 8. g4
c5 9. d5 b5 10. cxb5 Qa5 11. bxa6 Bxa6 12. Ng3 Nb6 13. Bxa6 Rxa6 14. Qe2 Nfd7
15. Bd2 c4 16. Nd1 Qc5 17. f4 Rfa8 18. a3 Bxb2 19. Nxb2 c3 20. Bxc3 Qxc3+ 21.
Qd2 Qf3 22. Qf2 Qxg4 23. Qe3 Nc5 24. O-O Nba4 25. Nxa4 Rxa4 26. Kh1 h5 27. Rg1
Qh3 28. Qe1 Nxe4 29. Nxe4 Qf3+ 30. Rg2 Rxe4 31. Qf2 Rxa3 32. Rxa3 Qxa3 33. Kg1
Qd3 34. f5 0-1

[Event "Quebec op U2000"]
[Site "Longueuil CAN"]
[Date "2018.07.28"]
[Round "9.32"]
[White "Demers, Alexis"]
[Black "Lalumiere, Claude"]
[Result "0-1"]
[WhiteElo "1686"]
[BlackElo "1923"]
[PlyCount "48"]
[EventDate "2018.07.21"]
[EventType "swiss"]
[EventRounds "9"]
[EventCountry "CAN"]

1. d4 f5 2. c4 Nf6 3. Nf3 e6 4. Bf4 d6 5. Nc3 Be7 6. Qc2 Nbd7 7. g3 Nf8 8. e4
fxe4 9. Nxe4 Ng6 10. Bg5 O-O 11. Bg2 Nxe4 12. Bxe7 Qxe7 13. Qxe4 Qf6 14. O-O
Rb8 15. d5 exd5 16. Qxd5+ Be6 17. Qe4 Rfe8 18. Qc2 Bf5 19. Qd2 Be4 20. Nd4 Bxg2
21. Kxg2 Re4 22. Rad1 c5 23. Nb5 Nh4+ 24. gxh4 Rg4+ 0-1

[Event "Quebec op U2000"]
[Site "Longueuil CAN"]
[Date "2018.07.28"]
[Round "9.33"]
[White "Parenteau, Francois"]
[Black "Duplessis, Claude"]
[Result "1-0"]
[WhiteElo "1884"]
[BlackElo "1712"]
[PlyCount "39"]
[EventDate "2018.07.21"]
[EventType "swiss"]
[EventRounds "9"]
[EventCountry "CAN"]

1. d4 f5 2. Bf4 Nf6 3. e3 e6 4. Bd3 Be7 5. Nf3 O-O 6. h3 d6 7. Nbd2 c5 8. O-O
Nbd7 9. c3 Qe8 10. Re1 Nh5 11. Bh2 g5 12. Nc4 d5 13. Nce5 c4 14. Nxd7 Bxd7 15.
Be2 Ng7 16. b3 b5 17. bxc4 bxc4 18. Rb1 Rb8 19. Rxb8 Qxb8 20. Bxb8 1-0

[Event "Quebec op U2000"]
[Site "Longueuil CAN"]
[Date "2018.07.28"]
[Round "9.34"]
[White "Chevalier, Francois"]
[Black "Selling, Edward"]
[Result "1-0"]
[WhiteElo "1782"]
[BlackElo "1845"]
[PlyCount "99"]
[EventDate "2018.07.21"]
[EventType "swiss"]
[EventRounds "9"]
[EventCountry "CAN"]

1. d4 Nf6 2. Nf3 g6 3. Bg5 Bg7 4. Nbd2 O-O 5. c3 d6 6. e4 h6 7. Bh4 Nc6 8. Be2
a6 9. a4 Bg4 10. Qc2 Qe8 11. h3 Bd7 12. d5 Ne5 13. Nxe5 dxe5 14. O-O c6 15. c4
cxd5 16. cxd5 Rc8 17. Qb3 b5 18. axb5 Bxb5 19. Bxb5 Qxb5 20. Qxb5 axb5 21. Rfc1
g5 22. Bg3 Nh5 23. Bh2 Nf4 24. Bxf4 exf4 25. Rxc8 Rxc8 26. Ra7 Kf8 27. Rb7 Bxb2
28. Rxb5 Bc3 29. Nb3 Be5 30. Nc5 Ke8 31. Nd3 Rb8 32. Rxb8+ Bxb8 33. f3 Ba7+ 34.
Kf1 f6 35. Ke2 Kd7 36. Kd2 Kd6 37. Kc3 e6 38. Kc4 Be3 39. Nb4 h5 40. Nc6 exd5+
41. exd5 f5 42. Nd4 Bxd4 43. Kxd4 h4 44. Kc4 g4 45. Kd4 g3 46. Kc4 Kd7 47. Kc5
Kc7 48. d6+ Kd7 49. Kd5 Kd8 50. Ke5 1-0

[Event "Quebec op U2000"]
[Site "Longueuil CAN"]
[Date "2018.07.28"]
[Round "9.36"]
[White "Kay, Sang Kil"]
[Black "Sharpe, Michael"]
[Result "0-1"]
[WhiteElo "1687"]
[BlackElo "1653"]
[PlyCount "146"]
[EventDate "2018.07.21"]
[EventType "swiss"]
[EventRounds "9"]
[EventCountry "CAN"]

1. e4 c5 2. Nf3 d6 3. d4 cxd4 4. Nxd4 Nf6 5. Bg5 Qa5+ 6. Bd2 Qe5 7. Be3 Nxe4 8.
Nd2 Nf6 9. Bb5+ Bd7 10. Qf3 Qd5 11. Bc4 Qxf3 12. N2xf3 a6 13. Ng5 e6 14. O-O-O
h6 15. Ngxe6 fxe6 16. Nxe6 Bxe6 17. Bxe6 Be7 18. Rhe1 Nbd7 19. Bf4 O-O-O 20.
Bf5 Bf8 21. Rd3 Kb8 22. f3 Nb6 23. Rb3 Nbd5 24. Bg3 Re8 25. Rd1 Ne3 26. Bd3
Nxd1 27. Bxa6 Kc7 28. Rxb7+ Kc6 29. Rb3 Re3 30. Bd3 Be7 31. Kxd1 Rxd3+ 32. Rxd3
Ra8 33. a3 Nd7 34. Rc3+ Kb7 35. Re3 Bf8 36. c4 Nb6 37. Re4 Rc8 38. b3 d5 39.
cxd5 Nxd5 40. a4 Nc3+ 41. Kd2 Nxe4+ 42. fxe4 Ka6 43. Kd3 Rd8+ 44. Kc3 Bd6 45.
e5 Bc7 46. b4 Kb7 47. Kc4 Kc6 48. a5 Rd5 49. a6 Bb6 50. e6 Rd4+ 51. Kc3 Re4 52.
Bb8 Rxe6 53. b5+ Kxb5 54. a7 Bxa7 55. Bxa7 Re2 56. Kd3 Rxg2 57. Bb8 Rg4 58. Ke3
Kc6 59. Kf3 Ra4 60. Be5 g6 61. Bf4 g5 62. Bg3 Kd5 63. Bc7 Ke6 64. Bb8 Kf5 65.
Bg3 h5 66. Bd6 Rd4 67. Bc7 Rd3+ 68. Kg2 Kg4 69. Bb8 Rd2+ 70. Kf1 Kf3 71. Bg3 h4
72. Be1 Rd1 73. h3 Ra1 0-1

[Event "Quebec op U2000"]
[Site "Longueuil CAN"]
[Date "2018.07.28"]
[Round "9.37"]
[White "Armstrong, Robert J"]
[Black "Pommainville, Roland"]
[Result "1-0"]
[WhiteElo "1512"]
[BlackElo "1634"]
[PlyCount "73"]
[EventDate "2018.07.21"]
[EventType "swiss"]
[EventRounds "9"]
[EventCountry "CAN"]

1. d4 c5 2. d5 d6 3. c4 g6 4. Nc3 Bg7 5. e4 Nd7 6. f4 a6 7. Nf3 Qa5 8. Bd3 Nh6
9. Qc2 O-O 10. O-O f6 11. Bd2 Qc7 12. Rae1 Nf7 13. Ne2 Re8 14. Bc3 Nf8 15. h3
Bd7 16. a3 b6 17. h4 e5 18. dxe6 Bxe6 19. f5 gxf5 20. exf5 Bd7 21. Ng3 Ne5 22.
Nh5 Bh8 23. Nxe5 dxe5 24. Qd2 Bg7 25. Rf3 Re7 26. Be4 Bc6 27. Bd5+ Kh8 28. Re4
Rd8 29. Rg3 Bxd5 30. cxd5 Qd6 31. Reg4 Qxd5 32. Qxd5 Rxd5 33. Nxg7 Ng6 34. Nh5
Rd6 35. fxg6 h6 36. Rf3 Red7 37. Rxf6 1-0

[Event "Quebec op extras"]
[Site "Longueuil CAN"]
[Date "2018.07.26"]
[Round "3.26"]
[White "Kay, Sang Kil"]
[Black "Pregent, Daniel"]
[Result "0-1"]
[WhiteElo "1687"]
[BlackElo "1680"]
[PlyCount "128"]
[EventDate "2018.07.21"]
[EventType "swiss"]
[EventRounds "9"]
[EventCountry "CAN"]

1. e4 c6 2. c4 e5 3. Nc3 Nf6 4. Nf3 d6 5. d4 Qc7 6. Bg5 Nbd7 7. Be2 Be7 8. Qd2
h6 9. Be3 Ng4 10. h3 Nxe3 11. fxe3 Nf6 12. O-O-O Bd7 13. dxe5 dxe5 14. Rhf1
O-O-O 15. Qc2 Bc5 16. Rd3 Be6 17. Rfd1 Rxd3 18. Rxd3 Bxc4 19. Rd2 Be6 20. Rd3
Bb4 21. Qa4 Bxc3 22. Rxc3 Kb8 23. Ra3 Qb6 24. Nxe5 Rd8 25. Nc4 Bxc4 26. Qxc4
Qc7 27. Qa4 b6 28. Rc3 c5 29. Bf3 Nd7 30. b4 c4 31. Qb5 Ne5 32. Be2 Rc8 33. Kc2
f6 34. Qd5 Qc6 35. b5 Qc7 36. a4 Rd8 37. Rxc4 Nxc4 38. Qxc4 Qxc4+ 39. Bxc4 Kc7
40. Kc3 Rd1 41. Be2 Ra1 42. Kb4 Re1 43. Bf3 Rxe3 44. h4 Kd6 45. h5 Ke5 46. a5
Kf4 47. a6 Rxf3 48. gxf3 Kxf3 49. Kc3 Kxe4 50. Kd2 Kf3 51. Kd3 f5 52. Kd4 f4
53. Kd5 Kg4 54. Kc6 f3 55. Kb7 f2 56. Kxa7 f1=Q 57. Kxb6 Qf6+ 58. Kb7 Qe7+ 59.
Kb6 Qd6+ 60. Kb7 Qd5+ 61. Kb6 Qa8 62. a7 Kxh5 63. Ka6 g5 64. b6 Qc6 0-1

[Event "Quebec-Tch Clubs"]
[Site "Chambly CAN"]
[Date "2018.06.02"]
[Round "2"]
[White "Beaudry, Marc-Andre"]
[Black "Tomb, Maroun"]
[Result "1/2-1/2"]
[WhiteElo "1982"]
[BlackElo "2299"]
[PlyCount "95"]
[EventDate "2018.06.01"]
[EventType "team"]
[EventRounds "5"]
[EventCountry "CAN"]

1. c4 Nf6 2. Nc3 c5 3. Nf3 e6 4. d4 cxd4 5. Nxd4 a6 6. a3 Qc7 7. e4 b6 8. Be2
Bb7 9. f3 h5 10. Be3 h4 11. Qd2 d6 12. Rc1 Nbd7 13. b4 Rc8 14. O-O Be7 15. Bg5
Qb8 16. Qe1 Ne5 17. Na4 Qa7 18. Be3 Bd8 19. Nb3 Bc6 20. Nb2 Qb8 21. Nd3 Ned7
22. Nd4 Bb7 23. Kh1 Nh5 24. Rf2 g5 25. h3 Bf6 26. Qd2 Rg8 27. Bd1 Kf8 28. Ba4
Ne5 29. Nxe5 Bxe5 30. Ne2 Bf6 31. Rff1 Ba8 32. Rfd1 b5 33. Bb3 Be7 34. Nd4 Rg6
35. cxb5 Rxc1 36. Rxc1 axb5 37. Qd3 d5 38. exd5 Bxd5 39. Bxd5 Ng3+ 40. Kg1 exd5
41. Nxb5 Bf6 42. Rc2 Qe5 43. Nd4 Kg7 44. b5 Bd8 45. Nc6 Qe8 46. Rc1 Bc7 47.
Bd4+ Kf8 48. Bc5+ 1/2-1/2

[Event "Quebec-Tch Clubs"]
[Site "Chambly CAN"]
[Date "2018.06.03"]
[Round "4"]
[White "Beaudry, Marc-Andre"]
[Black "Neshev, Nikolay"]
[Result "1-0"]
[WhiteElo "1982"]
[BlackElo "1618"]
[PlyCount "45"]
[EventDate "2018.06.01"]
[EventType "team"]
[EventRounds "5"]
[EventCountry "CAN"]

1. e4 d6 2. d4 Nf6 3. f3 g6 4. c4 Bg7 5. Nc3 O-O 6. Bg5 c5 7. d5 Nbd7 8. Nh3
Ne5 9. Nf2 h6 10. Be3 g5 11. Be2 Ng6 12. Qd2 Nh5 13. g3 e6 14. O-O f5 15. f4
gxf4 16. gxf4 Qh4 17. Nd3 Bxc3 18. bxc3 fxe4 19. Nf2 Ngxf4 20. Bxh5 Nxh5 21.
Bxh6 Nf4 22. Bxf4 Rxf4 23. Nh1 {...} 1-0

[Event "Quebec-Tch Clubs"]
[Site "Chambly CAN"]
[Date "2018.06.03"]
[Round "5"]
[White "Zhong, Kevin"]
[Black "Beaudry, Marc-Andre"]
[Result "1/2-1/2"]
[WhiteElo "2058"]
[BlackElo "1982"]
[Annotator ",Hugh"]
[PlyCount "45"]
[EventDate "2018.06.01"]
[EventType "team"]
[EventRounds "5"]
[EventCountry "CAN"]

1. e4 e6 2. Nf3 d5 3. Nc3 Nf6 4. e5 Nfd7 5. d4 c5 6. dxc5 Nc6 7. Bf4 Nxc5 8.
Qd2 Be7 9. O-O-O O-O 10. h4 f6 11. exf6 Bxf6 12. Be3 Qa5 13. Kb1 Rd8 14. Nb5
Qxd2 15. Rxd2 Ne4 16. Re2 a6 17. Nbd4 Nxd4 18. Nxd4 e5 19. Nf3 d4 20. Ng5 Nd6
21. Bc1 h6 22. Nf3 Be6 23. Nxe5 {etc. (27)} 1/2-1/2

[Event "Quebec-ch Senior"]
[Site "Montreal CAN"]
[Date "2018.04.20"]
[Round "1.2"]
[White "Kozlov, Guennadi"]
[Black "Khassanov, Marat"]
[Result "0-1"]
[WhiteElo "1680"]
[BlackElo "2200"]
[PlyCount "100"]
[EventDate "2018.04.20"]
[EventType "swiss"]
[EventRounds "5"]
[EventCountry "CAN"]

1. c4 b6 2. Nf3 Bb7 3. Nc3 e6 4. d4 Nf6 5. g3 d5 6. cxd5 Nxd5 7. Bg2 Be7 8. O-O
O-O 9. a3 c5 10. Nxd5 exd5 11. Bd2 Nc6 12. Bc3 Bf6 13. e3 Re8 14. Qd2 c4 15.
Qc2 b5 16. Nd2 a5 17. b4 axb4 18. axb4 Qd6 19. Qb2 Rac8 20. Nb1 Nd8 21. Ra5 Qb6
22. Na3 Bc6 23. Nc2 Nb7 24. Ra3 Ra8 25. Rfa1 Nd6 26. Rxa8 Rxa8 27. Rxa8+ Bxa8
28. Qa3 Bc6 29. Qa5 Qb8 30. Qa6 Bb7 31. Qb6 Bd8 32. Qc5 Ba8 33. Bxd5 Bb6 34.
Bxf7+ Kxf7 35. Qh5+ Kg8 36. d5 Ne4 37. Be5 Qf8 38. f4 g6 39. Qd1 Qf7 40. d6 Qd5
41. Qxd5+ Bxd5 42. d7 Bc6 43. Bd4 Bd8 44. g4 Bxd7 45. h3 Kf7 46. Kf1 Ke6 47.
Ke2 Kd5 48. Na3 Be7 49. Nc2 h5 50. gxh5 gxh5 0-1

[Event "Quebec-ch Senior"]
[Site "Montreal CAN"]
[Date "2018.04.20"]
[Round "1.3"]
[White "Sullivan, Neil"]
[Black "Gauthier, Luc"]
[Result "0-1"]
[WhiteElo "2065"]
[BlackElo "1654"]
[PlyCount "72"]
[EventDate "2018.04.20"]
[EventType "swiss"]
[EventRounds "5"]
[EventCountry "CAN"]

1. e4 Nf6 2. Nc3 d5 3. exd5 Nxd5 4. Nf3 c6 5. Nxd5 cxd5 6. d4 Nc6 7. Be2 Bf5 8.
c3 a6 9. O-O e6 10. Re1 Be7 11. Bf4 O-O 12. Bd3 Bxd3 13. Qxd3 Rc8 14. Re3 b5
15. h4 Na5 16. h5 Nc4 17. Re2 Nd6 18. Ne5 Ne4 19. Rxe4 dxe4 20. Qxe4 Qd5 21.
Qe2 b4 22. h6 g6 23. Qd2 bxc3 24. bxc3 Qa5 25. Rc1 Rfd8 26. Rc2 Qa4 27. Nf3 Qb5
28. Rb2 Qd5 29. Qe3 f6 30. Rb6 Kf7 31. Rxa6 Ra8 32. Qe2 Rxa6 33. Qxa6 Ra8 34.
Qb6 Rxa2 35. Bg5 Ra1+ 36. Kh2 Qd6+ 0-1

[Event "Quebec-ch Senior"]
[Site "Montreal CAN"]
[Date "2018.04.20"]
[Round "1.4"]
[White "Rabutki, Dimitri"]
[Black "Marchand, Jacques"]
[Result "1-0"]
[WhiteElo "1610"]
[BlackElo "1915"]
[PlyCount "97"]
[EventDate "2018.04.20"]
[EventType "swiss"]
[EventRounds "5"]
[EventCountry "CAN"]

1. e4 e5 2. Bc4 Nc6 3. d3 Nf6 4. Bg5 Be7 5. Ne2 Na5 6. Bb3 Nxb3 7. axb3 d5 8.
Bxf6 Bxf6 9. f3 c6 10. c4 dxe4 11. fxe4 Qb6 12. Nbc3 Bg4 13. Na4 Qe3 14. Qd2
Bh4+ 15. g3 Qxd2+ 16. Kxd2 Bg5+ 17. Ke1 O-O-O 18. h3 Bh5 19. g4 Bh4+ 20. Kd2
Bg6 21. Kc2 h5 22. Nac3 Kb8 23. Raf1 Rd7 24. Nd1 Rhd8 25. Rf3 Bg5 26. Ng3 h4
27. Nf5 Bh7 28. Nxg7 Bxe4 29. dxe4 Rd2+ 30. Kc3 Rxd1 31. Rxd1 Rxd1 32. Rxf7
Rc1+ 33. Kd3 b5 34. Ne6 Rd1+ 35. Ke2 Rd2+ 36. Ke1 Be3 37. Rf3 Rd6 38. Rxe3 Rxe6
39. Rf3 Kc7 40. Rf5 bxc4 41. bxc4 Kd6 42. Rh5 Kc5 43. Rxh4 Kxc4 44. g5 Kb3 45.
Rg4 Kxb2 46. g6 Re8 47. h4 a5 48. h5 a4 49. h6 1-0

[Event "Quebec-ch Senior"]
[Site "Montreal CAN"]
[Date "2018.04.20"]
[Round "1.5"]
[White "Barre, Michel"]
[Black "Cote, Claude"]
[Result "1-0"]
[WhiteElo "1885"]
[BlackElo "1581"]
[PlyCount "157"]
[EventDate "2018.04.20"]
[EventType "swiss"]
[EventRounds "5"]
[EventCountry "CAN"]

1. d4 b6 2. Bf4 Bb7 3. e3 Nf6 4. Nf3 e6 5. Nbd2 d6 6. Bd3 Be7 7. h3 Nbd7 8. a4
a5 9. Qe2 Nd5 10. Bg3 Nb4 11. O-O Nxd3 12. cxd3 O-O 13. Rfc1 c5 14. Nc4 Nf6 15.
e4 h6 16. dxc5 bxc5 17. e5 Nh5 18. Bh2 dxe5 19. Nfxe5 Nf6 20. Rd1 Nd5 21. Qh5
Bg5 22. Qg4 Be7 23. Rac1 Nf6 24. Qe2 Qd5 25. f3 Qd4+ 26. Qf2 Qd8 27. Bf4 Nd5
28. Bd2 Nb4 29. Qg3 Kh7 30. Be3 Nd5 31. Bf2 Bg5 32. Bxc5 Bf4 33. Qe1 Bxc1 34.
Rxc1 Qg5 35. h4 Qf4 36. Bxf8 Rxf8 37. Qe4+ f5 38. Qxf4 Nxf4 39. Kf2 Rc8 40. g3
Nd5 41. Re1 Ra8 42. Nd6 Ba6 43. Nec4 Nb4 44. Re3 Rd8 45. Ke2 Nc2 46. Re5 Nd4+
47. Ke3 Nc2+ 48. Kd2 Nd4 49. Kc3 Nxf3 50. Rxe6 Bc8 51. Re3 Ng1 52. Re5 f4 53.
Nxc8 Rxc8 54. gxf4 Nf3 55. Rxa5 Nxh4 56. b4 Ng6 57. Rf5 Ne7 58. Rf7 Nd5+ 59.
Kb3 Kg6 60. Ne5+ Kh7 61. a5 Rc3+ 62. Ka4 Rc1 63. a6 Ra1+ 64. Kb5 h5 65. a7 h4
66. Nc6 h3 67. Na5 h2 68. a8=Q h1=Q 69. Qb7 Rg1 70. Kc5 Rc1+ 71. Nc4 Qg2 72.
Qxd5 Qf2+ 73. Kb5 Rg1 74. Qf5+ Rg6 75. Ne5 Qb6+ 76. Kc4 Qa6+ 77. Kb3 Qe6+ 78.
Qxe6 Rxe6 79. d4 1-0

[Event "Quebec-ch Senior"]
[Site "Montreal CAN"]
[Date "2018.04.20"]
[Round "1.6"]
[White "Molloy, Francis"]
[Black "Morin, Louis"]
[Result "0-1"]
[WhiteElo "1558"]
[BlackElo "1839"]
[PlyCount "110"]
[EventDate "2018.04.20"]
[EventType "swiss"]
[EventRounds "5"]
[EventCountry "CAN"]

1. Nf3 d5 2. d4 Nf6 3. c4 dxc4 4. Na3 Qd5 5. Qa4+ Nc6 6. Qxc4 Be6 7. e3 O-O-O
8. Qxd5 Bxd5 9. Be2 e6 10. Nc2 Bd6 11. Bd2 Ne4 12. a3 g5 13. h3 h5 14. h4 g4
15. Ng5 g3 16. Nxe4 Bxe4 17. Rc1 Bxg2 18. Rg1 gxf2+ 19. Kxf2 Be4 20. Bf3 Bxf3
21. Kxf3 Be7 22. Be1 Rhg8 23. Bf2 Rg6 24. Rxg6 fxg6 25. Rg1 Rf8+ 26. Ke2 Rxf2+
27. Kxf2 Bxh4+ 28. Kf3 Ne7 29. Ne1 Kd7 30. Ng2 Bg5 31. Nf4 Bxf4 32. Kxf4 Kd6
33. Kg5 Kd5 34. Kf6 Nf5 35. Kxg6 Nxe3 36. Kxh5 Kxd4 37. Rg7 Nd5 38. Kg4 e5 39.
Kf3 e4+ 40. Ke2 a5 41. Rg4 c5 42. Rg7 b6 43. Rg4 c4 44. Rg3 b5 45. Rg8 b4 46.
axb4 axb4 47. Rg4 b3 48. Kd2 Nb6 49. Rg7 e3+ 50. Ke2 Nd5 51. Rg4+ Kc5 52. Rh4
c3 53. bxc3 b2 54. Rh1 Kc4 55. Rd1 Nxc3+ 0-1